| 000 | 00594nam a2200217Ia 4500 | ||
|---|---|---|---|
| 003 | GCL | ||
| 008 | 140319s9999 xx 000 0 eng d | ||
| 040 |
_aGCL / _cGCL |
||
| 082 | 0 | 4 |
_a956.94 _bE S |
| 100 | 1 | _aCOLOMBEL, JANNETTE | |
| 245 | 1 | 0 |
_aSANS REPIT: EVOLUTION DE LA TRAGEDIE PALERTINIENNE / _cCOLOMBEL, JANNETTE |
| 700 | 1 | _aEL JAMALI, MED FADHEL | |
| 700 | 1 | _aCOLOMBE, MARCEL | |
| 260 |
_a[S.N] : _bMAISON TUNISIENNE ، _c1991 |
||
| 300 | _a316 P | ||
| 650 | 0 | 4 | _aPALESTINAN ARABS |
| 650 | 0 | 4 | _aISRAEL - ARAB CONFLICT |
| 650 | 0 | 4 | _aHISTORY |
| 650 | 0 | 4 | _aISRAEL |
| 942 |
_2ddc _cBK |
||
| 999 |
_c11206 _d11206 |
||